Under Pressure and Ontime (Record no. 302389)

MARC details
000 -LEADER
fixed length control field 00414nam a2200157Ia 4500
008 - FIXED-LENGTH DATA ELEMENTS--GENERAL INFORMATION
fixed length control field 230718s9999 xx 000 0 und d
041 ## - LANGUAGE CODE
Language code of text/sound track or separate title eng
082 ## - DEWEY DECIMAL CLASSIFICATION NUMBER
Classification number 658.403019
Item number SUL
100 ## - MAIN ENTRY--PERSONAL NAME
Personal name Sullivan Ed.
9 (RLIN) 165356
245 ## - TITLE STATEMENT
Title Under Pressure and Ontime
260 ## - PUBLICATION, DISTRIBUTION, ETC. (IMPRINT)
Date of publication, distribution, etc. 2001
Name of publisher, distributor, etc. Microsoft/W. P. Pub.
300 ## - PHYSICAL DESCRIPTION
Extent 271
365 ## - TRADE PRICE
Currency code Rs.
Price amount 350.00
700 ## - ADDED ENTRY--PERSONAL NAME
Personal name Sullivan Ed.
9 (RLIN) 165356
906 ## - LOCAL DATA ELEMENT F, LDF (RLIN)
d B:55724-Oct-2001
c MGMT
b 52.5
Holdings
Withdrawn status Lost status Damaged status Not for loan Home library Current library Date acquired Vendor Budget Code Cost, normal purchase price Bill number Total Checkouts Full call number Barcode Date last seen Discount Cost, replacement price Bill Date Koha item type Original Barcode
        Cummins College of Engineering for Women Pune Cummins College of Engineering for Women Pune 27/10/2001 SNJA MGMT 297.50 557   658.403019 CCEP-BK-13596 18/07/2023 52.5 350.00 24/10/2001 Books 013596